Biomechanical Principles and Applications in Sports

This book provides an overview of biomedical applications in sports, including reviews of the current state-of-the art methodologies and research areas. Basic principles with specific case studies from different types of sports as well as suggested student activities and homework problems are includ...

Πλήρης περιγραφή

Λεπτομέρειες βιβλιογραφικής εγγραφής
Συγγραφή απο Οργανισμό/Αρχή: SpringerLink (Online service)
Άλλοι συγγραφείς: Pallis, Jani Macari (Επιμελητής έκδοσης, http://id.loc.gov/vocabulary/relators/edt), McNitt-Gray, Jill L. (Επιμελητής έκδοσης, http://id.loc.gov/vocabulary/relators/edt), Hung, George K. (Επιμελητής έκδοσης, http://id.loc.gov/vocabulary/relators/edt)
Μορφή: Ηλεκτρονική πηγή Ηλ. βιβλίο
Γλώσσα:English
Έκδοση: Cham : Springer International Publishing : Imprint: Springer, 2019.
Έκδοση:1st ed. 2019.
Θέματα:
Διαθέσιμο Online:Full Text via HEAL-Link
LEADER 04340nam a2200505 4500
001 978-3-030-13467-9
003 DE-He213
005 20191022172657.0
007 cr nn 008mamaa
008 190911s2019 gw | s |||| 0|eng d
020 |a 9783030134679  |9 978-3-030-13467-9 
024 7 |a 10.1007/978-3-030-13467-9  |2 doi 
040 |d GrThAP 
050 4 |a GV557-558 
072 7 |a WS  |2 bicssc 
072 7 |a SPO000000  |2 bisacsh 
072 7 |a S  |2 thema 
082 0 4 |a 796.015  |2 23 
245 1 0 |a Biomechanical Principles and Applications in Sports  |h [electronic resource] /  |c edited by Jani Macari Pallis, Jill L. McNitt-Gray, George K. Hung. 
250 |a 1st ed. 2019. 
264 1 |a Cham :  |b Springer International Publishing :  |b Imprint: Springer,  |c 2019. 
300 |a XII, 321 p. 144 illus., 95 illus. in color.  |b online resource. 
336 |a text  |b txt  |2 rdacontent 
337 |a computer  |b c  |2 rdamedia 
338 |a online resource  |b cr  |2 rdacarrier 
347 |a text file  |b PDF  |2 rda 
505 0 |a Part 1: Equipment Design and Manufacturing -- Best Design and Innovation Practices -- Equipment Design Methodology -- Ergonomics and/or Biomechanics -- Equipment Design -- Facility Design -- Performance Tracking: Analytics, Transmissions, Camera Networking, Feedback to the Athlete -- Material Selection -- Manufacturing Practices: Sustainability, Cost Reduction, Environmental Friendly and Sustainable Approaches -- Part 2: Quantitative Evaluation Methods -- Experimental Methods -- Data Collection/Acquisition Techniques and Technology: Instrumentation, Software -- Experimentation Techniques -- Wind Tunnels -- Camera Systems -- Gait Systems -- Examples of Custom Built Systems from Different Sports -- Overview of Numerical Methods -- Computational Modeling -- Wearable Sensors -- Part 3: Sports Medicine and Bioengineering -- Sports Medicine: Injury Epidemiology -- Traumatic Brain Injury: Equipment Design Considerations, Evaluation of Equipment and Training Effectiveness -- Rehabilitation -- Sports Protective Equipment -- Part 4: Special Topics -- Life Cycle: Considering Gender, Age and Ability Differences -- Methodology and Considerations Equipment Design for Individuals with Disabilities -- Science and Engineering Transfer: Communicating the New Science/Technology to Coaches, Trainers, Athletes -- Tissue Engineering and Biomechanics. . 
520 |a This book provides an overview of biomedical applications in sports, including reviews of the current state-of-the art methodologies and research areas. Basic principles with specific case studies from different types of sports as well as suggested student activities and homework problems are included. Equipment design and manufacturing, quantitative evaluation methods, and sports medicine are given special focus. Biomechanical Principles and Applications in Sports can be used as a textbook in a sports technology or sports engineering program, and is also ideal for graduate students and researchers in biomedical engineering, physics, and sports physiology. It can also serve as a useful reference for professional athletes and coaches interested in gaining a deeper understanding of biomechanics and exercise physiology to improve athletic performance. 
650 0 |a Sports sciences. 
650 0 |a Biomedical engineering. 
650 0 |a Regenerative medicine. 
650 0 |a Tissue engineering. 
650 1 4 |a Sport Science .  |0 http://scigraph.springernature.com/things/product-market-codes/L29010 
650 2 4 |a Biomedical Engineering and Bioengineering.  |0 http://scigraph.springernature.com/things/product-market-codes/T2700X 
650 2 4 |a Regenerative Medicine/Tissue Engineering.  |0 http://scigraph.springernature.com/things/product-market-codes/L16080 
700 1 |a Pallis, Jani Macari.  |e editor.  |4 edt  |4 http://id.loc.gov/vocabulary/relators/edt 
700 1 |a McNitt-Gray, Jill L.  |e editor.  |4 edt  |4 http://id.loc.gov/vocabulary/relators/edt 
700 1 |a Hung, George K.  |e editor.  |4 edt  |4 http://id.loc.gov/vocabulary/relators/edt 
710 2 |a SpringerLink (Online service) 
773 0 |t Springer eBooks 
776 0 8 |i Printed edition:  |z 9783030134655 
776 0 8 |i Printed edition:  |z 9783030134662 
856 4 0 |u https://doi.org/10.1007/978-3-030-13467-9  |z Full Text via HEAL-Link 
912 |a ZDB-2-SBL 
950 |a Biomedical and Life Sciences (Springer-11642)